Postup reprezentácií SR a ČR korektný a vo vzájomnej zhode Stredoeurópski prieméri po rokovaniach v Budapešti

Bibliographic Details
Format: Article
Language:Slovak
Subjects:

MARC

LEADER 00000nab a2200000 a 4500
001 vtls000488019
003 SK-MaSNL
005 20260303004251.0
008 160202c1993 xo 0 slo
015 |a SNBRB19rr/mm-uuuuu 
035 |a CL0488156 
040 |a SNKBUCL  |b slo  |c SNKBUCL  |e AACR2 
041 0 |a slo 
044 |a xo  |c SK 
080 |a 327(4)  |2 1981 
245 0 0 |a Postup reprezentácií SR a ČR korektný a vo vzájomnej zhode  |b Stredoeurópski prieméri po rokovaniach v Budapešti 
650 0 7 |a Stredoeurópska iniciatíva  |2 snkbucl  |9 898700 
655 7 |a články z novín a časopisov  |2 snkbucl  |9 267496 
773 0 |t Republika  |g Roč. 1, č. 90 (19. 7. 1993), s. 1 
850 |a Slovenská národná knižnica v Martine  |a MTA001 
852 |a SNK  |b KIS3GCP 
958 |a RK 
958 |a HU 
992 |a RBX 
999 |c 1576877  |d 1578807